000
00294nam a22001337a 4500
008
181218b xxu||||| |||| 00| 0 eng d
020
_a
9780558064709
041
_a
eng
080
_a
641
100
_a
15
101
_a
JUR
245
_a
Criminal Justice Today
_c
Frank.SCH
942
_2
udc
_c
BK
999
_c
53450
_d
53450